000 00448nam a2200181Ia 4500
005 20230612105522.0
008 131103s9999 xx 000 0 und d
040 _aLoreto College
041 _aEnglish
082 _aF
_bBHA
100 _aBhagat,Chetan
245 _aOne Night @ The Call Center
_cChetan Bhagat
260 _aNew Delhi
_bRupa & Co.
_c2005
300 _a289 p.
650 _aFiction in English
850 _aLCLIB
942 _cBK
999 _c17430
_d67909